01328nam a2200229 a 4500008004100000050002500041100001800066245010900084260007700193300001600270362009500286650004700381650002300428650002800451710002000479710006000499995013400559995013400693999001700827952012700844952012700971150917s2013 ||||||||||||||||| || u aZIPAR(05)PB/2013/10A aChikuba, Zali10aMaking public transport in Lusaka city more efficient and effectivecBy Zali Chikuba and ROM Engineering aLusaka:bZambia Institute for Policy Analysis and Research (ZIPAR)c2013 a[4p.]: ill.1 aBased on the working paper " Trip modelling and cost analysis for public transport system" aLIBERALISATION ON TRANSPORT SECTOR--ZAMBIA aTRANSPORT INDUSTRY aPOLICY ANALYSIS--ZAMBIA aROM Engineering aZambia Institute for Policy Analysis & Research (ZIPAR) aSPECIAL COLLECTIONSe2040FCBU-MAIN LIBRARY (Kitwe)jZIPAR(05)PB/2013/10AM1UAVAILABLEWSep 17, 2015yB2040ZZambiana Collection aSPECIAL COLLECTIONSe2041FCBU-MAIN LIBRARY (Kitwe)jZIPAR(05)PB/2013/10BM2UAVAILABLEWSep 17, 2015yB2041ZZambiana Collection c82342d82342 00102lcc4070a001b001cZambiana Collectiond2023-09-27l0oZIPAR(05)PB/2013/10ApB2040r2023-09-27t1w2023-09-27y023 00102lcc4070a001b001cZambiana Collectiond2023-09-27l0oZIPAR(05)PB/2013/10BpB2041r2023-09-27t2w2023-09-27y023